Viajes por Europa, Africa y América /

Bibliographic Details
Main Author: Sarmiento, Domingo Faustino, 1811-1888
Format: Electronic eBook
Language:Spanish
Published: Barcelona : www.Linkgua.com, 2011.
Series:Viajes (Linkgua Ediciones)
Subjects:
Online Access:Digitalia Hispánica

MARC

LEADER 00000nam a2200000Ii 4500
001 DIGLINK00842
003 NyNyDIG
006 m o d
007 cr |||||||||||
008 140401s2011 sp o 000 0 spa d
020 |a 9788498970920  |q (eBook) 
020 |z 9788498161618 
040 |a DGITA  |b eng  |e pn  |c DGITA 
043 |a s-ag--- 
050 1 4 |a F2846.S26 eBook 
050 1 4 |a G463 eBook 
100 1 |a Sarmiento, Domingo Faustino,  |d 1811-1888. 
245 1 0 |a Viajes por Europa, Africa y América /  |c Domingo Faustino Sarmiento. 
264 1 |a Barcelona :  |b www.Linkgua.com,  |c 2011.  
300 |a 1 online resource (496 pages) 
336 |a text  |b txt  |2 rdacontent 
337 |a computer  |b c  |2 rdamedia 
338 |a online resource  |b cr  |2 rdacarrier 
490 1 |a Viajes. 
600 1 0 |a Sarmiento, Domingo Faustino,  |d 1811-1888  |x Travel. 
650 0 |a Voyages and travels. 
651 0 |a Europe, Southern  |x Description and travel.  
651 0 |a Africa  |x Description and travel.  
651 0 |a South America  |x Description and travel.  
655 0 |a Electronic books. 
791 2 |a Digitalia (Firm),  |e distributor. 
830 0 |a Viajes (Linkgua Ediciones) 
793 0 |g Digitalia eBook Collection:  |a Linkgua. 
856 4 0 |3 Digitalia Hispánica  |u https://www.digitaliapublishing.com/a/13536/ 
910 |a Premium Collection: 2007-2012